000 00378pab a2200169 454500
008 180718b2013 xxu||||| |||| 00| 0 eng d
100 _aCheriyan, George
245 _aState of the Indian Consumer
260 _c2013
300 _ap.46-50.
362 _aJul
650 _aConsumers - India
650 _aConsumers
773 _aSeminar
908 _aN
909 _a101118
999 _c101117
_d101117